| 000 | 01169nam a2200325 u 4500 | ||
|---|---|---|---|
| 001 | 000044653 | ||
| 005 | 20200120222428.0 | ||
| 008 | 110302s2005 cau r 000 0 spa d | ||
| 020 | _a9788437610979 | ||
| 041 | 0 | _aspa | |
| 043 | _ae-sp--- | ||
| 082 | 0 | 4 |
_aAT _bSHAh 2005 _221 |
| 100 | 1 | _aShakespeare, William | |
| 245 | 1 | 0 |
_aHamlet / _cWilliam Shakespeare ; Edición : Manuel Ángel Conejero Dionís-Bayer, Jenaro Talens ; Introducción : Cándino Pérez Gállego. |
| 250 | _a13a. ed. | ||
| 260 |
_aMadrid : _bCátedra, _c2005. |
||
| 300 |
_a719 p. : _bil. |
||
| 490 | 0 |
_aLetras universales _v175 |
|
| 500 | _aEj.1 y 2 Biblioteca Ceic Ciudadela : Plan Lector 2011. | ||
| 500 |
_aEj. 3-6 de Biblioteca Ceic Ciudadela es 15a ed. de 2010 _aEj.1, 2 y 3 de Biblioteca de Mosquera 17a. ed. 2012, ISBN : 9788437610979 |
||
| 504 | _aIncluye bibliografía | ||
| 600 | 1 | 7 |
_aShakespeare, William _d1564-1616 |
| 650 | 1 | 7 | _aTeatro inglés |
| 650 | 2 | 7 | _aLiteratura inglesa |
| 650 | 2 | 7 | _aDrama |
| 650 | 2 | 7 | _aLiteratura clásica |
| 700 | 1 |
_aConejero Dionís-Bayer, Manuel Ángel, _eed. |
|
| 700 | 1 |
_aTalens, Jenaro, _eed. |
|
| 700 | 1 |
_aPérez Gállego, Cándido, _eint. |
|
| 999 |
_c2738 _d2738 |
||